Elementary Particles /
Bewaard in:
| Hoofdauteur: | |
|---|---|
| Formaat: | Sách giấy |
| Taal: | English |
| Gepubliceerd in: |
New Haven :
Yale University,
1961.
|
| Tags: |
Voeg label toe
Geen labels, Wees de eerste die dit record labelt!
|
| Thư viện lưu trữ: | Thư viện Trường Đại học Đà Lạt |
|---|
| LEADER | 00564nam a2200253 4500 | ||
|---|---|---|---|
| 001 | DLU020004604 | ||
| 005 | ##19990617 | ||
| 040 | # | # | |a DLU |b vie |
| 041 | # | # | |a eng |
| 044 | # | # | |a us |
| 082 | # | # | |a 539.72 |b FE-E |
| 100 | # | # | |a Fermi, Enrico. |
| 245 | # | # | |a Elementary Particles / |c Fermi Enrico. |
| 260 | # | # | |a New Haven : |b Yale University, |c 1961. |
| 300 | # | # | |a 110 tr. ; |c 21 cm. |
| 992 | # | # | |a 3150 |
| 994 | # | # | |a DLU |
| 900 | # | # | |a False |
| 911 | # | # | |a Administrator |
| 925 | # | # | |a G |
| 926 | # | # | |a A |
| 927 | # | # | |a SH |
| 980 | # | # | |a Thư viện Trường Đại học Đà Lạt |